[Event "Clermont Ferrand"]
[Site "Clermont Ferrand"]
[Date "1989.??.??"]
[Round "?"]
[White "Ehlvest, Jaan"]
[Black "Dolmatov, Sergey"]
[Result "0-1"]
[WhiteElo "2620"]
[BlackElo "2615"]
[PlyCount "140"]
[EventDate "1989.07.??"]
[EventType "tourn"]
[EventRounds "11"]
[EventCountry "FRA"]
[EventCategory "14"]
[SourceTitle "CBM 014"]
[Source "ChessBase"]
[SourceDate "1990.02.01"]
[SourceVersion "1"]
[SourceVersionDate "1990.02.01"]
[SourceQuality "1"]

1. e4 e6 2. d4 d5 3. Nc3 Nf6 4. e5 Nfd7 5. Nce2 c5 6. c3 Qb6 7. f4 f6 8. Nf3
cxd4 9. cxd4 Bb4+ 10. Nc3 Nc6 11. a3 Bxc3+ 12. bxc3 Na5 13. a4 Qc7 14. Qc2 Nb6
15. exf6 gxf6 16. f5 Nbc4 17. fxe6 Bxe6 18. Bd3 O-O-O 19. O-O Nd6 20. Bf4 Nac4
21. Rae1 Qd7 22. Nh4 Rdf8 23. a5 Rf7 24. a6 b6 25. Qb1 Rg8 26. Rf2 Rg4 27. g3
Rg8 28. Qb4 Bg4 29. Ng2 Bf5 30. Bxc4 Nxc4 31. Rfe2 Qc6 32. Re7 Rxe7 33. Rxe7
Bd7 34. Rxh7 Qe6 35. Re7 Qh3 36. Ne1 Qf5 37. Kf2 Rh8 38. Nf3 Qc2+ 39. Re2 Qd3
40. Qe7 Re8 41. Ne1 Qd1 42. Qxe8+ Bxe8 43. Rxe8+ Kd7 44. Ra8 Kc6 45. Rxa7 Kb5
46. Rf7 Kxa6 47. Rxf6 Nd2 48. Bxd2 Qxd2+ 49. Kf1 Qxc3 50. Nf3 Ka5 51. g4 b5 52.
g5 b4 53. g6 Qc7 54. Nd2 Qg7 55. Rf3 Qxg6 56. Nb3+ Ka4 57. Kf2 Qc2+ 58. Kg3
Qxb3 59. Rxb3 Kxb3 60. h4 Kc3 61. h5 b3 62. h6 b2 63. h7 b1=Q 64. h8=Q Qd3+ 65.
Kg2 Qxd4 66. Qa8 Qc4 67. Kf2 d4 68. Qa5+ Kc2 69. Qf5+ d3 70. Ke3 Qc3 0-1

[Event "Clermont Ferrand"]
[Site "Clermont Ferrand"]
[Date "1989.??.??"]
[Round "?"]
[White "Spraggett, Kevin"]
[Black "Dolmatov, Sergey"]
[Result "0-1"]
[WhiteElo "2585"]
[BlackElo "2615"]
[PlyCount "80"]
[EventDate "1989.07.??"]
[EventType "tourn"]
[EventRounds "11"]
[EventCountry "FRA"]
[EventCategory "14"]
[SourceTitle "CBM 014"]
[Source "ChessBase"]
[SourceDate "1990.02.01"]
[SourceVersion "1"]
[SourceVersionDate "1990.02.01"]
[SourceQuality "1"]

1. Nf3 f5 2. c4 Nf6 3. Nc3 d6 4. b4 a5 5. b5 g6 6. Ba3 Bg7 7. Rc1 e5 8. e3 c5
9. bxc6 bxc6 10. Be2 O-O 11. O-O Qc7 12. Rb1 Na6 13. Qb3 Rb8 14. Qa4 Rxb1 15.
Rxb1 Nc5 16. Bxc5 dxc5 17. Ne1 e4 18. Qa3 Rd8 19. Rd1 Be6 20. f3 exf3 21. Nxf3
Bf8 22. Qb2 Rb8 23. Qc2 Ng4 24. h3 Ne5 25. Ng5 Bc8 26. Rb1 Be7 27. Nf3 Nf7 28.
Rxb8 Qxb8 29. Qb3 Qc7 30. Na4 g5 31. Qb6 Qd6 32. Qxa5 Be6 33. Nc3 h5 34. Nd1 g4
35. hxg4 fxg4 36. Nh2 Ng5 37. Nf1 h4 38. Nf2 g3 39. Ng4 Bxg4 40. Bxg4 Qf6 0-1

[Event "Interzonal-15"]
[Site "Manila"]
[Date "1990.??.??"]
[Round "9"]
[White "Dolmatov, Sergey"]
[Black "Ljubojevic, Ljubomir"]
[Result "1-0"]
[WhiteElo "2615"]
[BlackElo "2600"]
[Annotator "Dolmatov,S"]
[PlyCount "143"]
[EventDate "1990.06.29"]
[EventType "swiss"]
[EventRounds "13"]
[EventCountry "PHI"]
[SourceTitle "CBM 019"]
[Source "ChessBase"]
[SourceDate "1990.12.01"]
[SourceVersion "1"]
[SourceVersionDate "1990.12.01"]
[SourceQuality "1"]

1. e4 c5 2. Nf3 d6 3. d4 cxd4 4. Nxd4 Nf6 5. Nc3 g6 6. Be3 Nc6 7. f3 e5 (7...
Bg7) 8. Nb3 Be6 9. Qd2 $1 a6 (9... d5 $6 10. exd5 Nxd5 11. Bg5 Be7 12. Bxe7
Ncxe7 $6 13. Bb5+ $40) 10. O-O-O Rc8 11. Kb1 Na5 12. g4 (12. Nxa5 $6 Qxa5 13.
Nd5 Qxd2 14. Nxf6+ Ke7 15. Rxd2 Kxf6 $10) 12... Nc4 13. Bxc4 Bxc4 (13... Rxc4
$6 14. Bc5) 14. Bh6 Bxh6 15. Qxh6 b5 16. Rd2 Rc6 17. h4 a5 (17... Ng8 $2 18.
Qg7 Qf6 19. Qxf6 Nxf6 20. Na5 $16) 18. Nc1 $6 (18. h5 $5 Rg8 19. hxg6 hxg6 20.
Nc1 $16) 18... b4 19. Nd1 Ng8 20. Qe3 h5 21. g5 Ne7 22. f4 Qc7 23. Qf3 a4 24.
Ne3 a3 25. b3 Bb5 26. Nd3 O-O (26... Rxc2 $2 27. Nxc2 Qc3 28. Kc1 $18) 27. Rhd1
(27. Nxb4 $2 Qa5 28. Nxc6 Qc3 $19) 27... Bxd3 28. Rxd3 Rc8 29. R1d2 $2 (29. Nc4
$1 $16) 29... Rc3 30. Nc4 Rxd3 31. Rxd3 Qc5 $13 32. Rxd6 exf4 33. Qxf4 Qg1+ 34.
Qc1 Qh2 (34... Qg3 $5) 35. Qe1 Nc6 36. e5 $1 Nxe5 37. Rd2 Nf3 38. Rxh2 Nxe1 39.
Rf2 Rd8 40. Kc1 Rd4 41. Ne3 Rxh4 42. Rf1 Nxc2 43. Nxc2 $14 Rg4 44. Kd2 Kg7 45.
Ke3 Rg3+ 46. Kf2 Rxg5 47. Nxb4 Rc5 48. Nd3 $1 Rc2+ 49. Ke3 Rxa2 50. b4 Rc2 $2 (
50... Rg2 $5 51. Kd4 h4 52. b5) 51. Ra1 a2 52. b5 Rc8 (52... h4 53. b6 Rc6 54.
b7 Rb6 55. Nc5 $18) 53. Rxa2 Re8+ 54. Kf3 Rb8 55. Rb2 Kf6 56. Nc5 Ke7 57. Ke4
Kd6 58. Kd4 h4 59. Ne4+ $2 (59. b6 h3 60. b7 $18) 59... Ke6 60. b6 Kf5 61. b7
Kg4 (61... h3 62. Nf2 $1 $8 h2 63. Kd5 g5 64. Kc6 g4 65. Nh1 Kg5 66. Rxh2 f5
67. Rh7 $1 f4 68. Nf2 g3 69. Nh3+ Kg4 70. Ng1 $18) (61... Kf4 62. Rf2+ Kg4 63.
Rxf7 h3 64. Ke3 h2 65. Rf4+ $1 $8 Kh3 66. Nf2+ Kg2 67. Rg4+ Kf1 68. Rb4 Kg2 69.
Rb2 $1 $18) 62. Ke3 f5 63. Nf2+ $1 (63. Nc5 Kg3 $13) 63... Kg3 64. Nh1+ Kg4 65.
Nf2+ Kg3 66. Nh1+ Kg4 67. Rb4+ Kg5 (67... Kh3 68. Kf3 g5 69. Nf2+ Kh2 70. Rb2
$18) 68. Nf2 Kf6 69. Nd3 h3 70. Kf2 f4 71. Nc5 Kf5 72. Nd7 1-0

[Event "YUG-chT"]
[Site "Cetinje"]
[Date "1992.??.??"]
[Round "?"]
[White "Beliavsky, Alexander G"]
[Black "Dolmatov, Sergey"]
[Result "0-1"]
[WhiteElo "2595"]
[BlackElo "2610"]
[PlyCount "117"]
[EventDate "1992.??.??"]
[EventType "team"]
[EventRounds "11"]
[EventCountry "YUG"]
[SourceTitle "EXT 1997"]
[Source "ChessBase"]
[SourceDate "1996.11.15"]
[SourceVersion "1"]
[SourceVersionDate "1996.11.15"]
[SourceQuality "1"]

1. e4 c5 2. Nf3 Nc6 3. d4 cxd4 4. Nxd4 Nf6 5. Nc3 e5 6. Ndb5 d6 7. Bg5 a6 8.
Na3 b5 9. Bxf6 gxf6 10. Nd5 Bg7 11. c4 f5 12. cxb5 Nd4 13. Bd3 O-O 14. Nc2
Nxc2+ 15. Qxc2 Bb7 16. O-O Bxd5 17. exd5 e4 18. Bc4 Qb6 19. bxa6 Rfc8 20. Qb3
Qd4 21. Bb5 Rcb8 22. a4 Rxa6 23. Qh3 Ra7 24. Qxf5 Re7 25. Rac1 Qxb2 26. Rc8+
Rxc8 27. Qxc8+ Bf8 28. Re1 e3 29. fxe3 Qd2 30. Rf1 Qxe3+ 31. Kh1 Qd2 32. Qf5
Bg7 33. Be8 f6 34. Bb5 Re1 35. g3 Re5 36. Qc8+ Kf7 37. Qd7+ Kg6 38. Qg4+ Kf7
39. Qd1 Bh6 40. Qf3 Bg7 41. Rf2 Qd4 42. Rc2 Kg6 43. Qd3+ Qxd3 44. Bxd3+ f5 45.
Bc4 Re1+ 46. Kg2 Ra1 47. Ra2 Rc1 48. Bb5 Bd4 49. a5 Rb1 50. Bd3 Rb3 51. Be2 Kf6
52. a6 Ba7 53. Rc2 Bc5 54. Ra2 Ba7 55. Bf3 Rb6 56. Ra4 Rb2+ 57. Kh3 h6 58. Ra1
Rf2 59. Ra3 0-1

[Event "Dortmund"]
[Site "Dortmund"]
[Date "1993.??.??"]
[Round "7"]
[White "Dolmatov, Sergey"]
[Black "Lobron, Eric"]
[Result "1-0"]
[WhiteElo "2615"]
[BlackElo "2620"]
[PlyCount "127"]
[EventDate "1993.04.??"]
[EventType "tourn"]
[EventRounds "7"]
[EventCountry "GER"]
[EventCategory "16"]
[SourceTitle "CBM 035"]
[Source "ChessBase"]
[SourceDate "1993.08.01"]
[SourceVersion "1"]
[SourceVersionDate "1993.08.01"]
[SourceQuality "1"]

1. e4 c5 2. Nf3 e6 3. c3 d5 4. exd5 exd5 5. d4 Nc6 6. Bb5 Bd6 7. dxc5 Bxc5 8.
O-O Nge7 9. Nbd2 O-O 10. Nb3 Bb6 11. Re1 Nf5 12. Bd3 h6 13. Bc2 a5 14. Qd3 a4
15. Nbd4 g6 16. Nxf5 Bxf5 17. Qd1 Bxc2 18. Qxc2 Kg7 19. Bf4 Qf6 20. Qd2 g5 21.
Be3 d4 22. Bxd4 Nxd4 23. Nxd4 Rfd8 24. Rad1 Ra5 25. Re3 Rad5 26. Rd3 Bxd4 27.
Rxd4 Rxd4 28. cxd4 Rd5 29. h3 b5 30. b3 axb3 31. axb3 h5 32. Qd3 h4 33. Qe4 Qd6
34. Rd3 b4 35. g3 hxg3 36. Rxg3 Kf8 37. Rd3 Qd8 38. Kh2 Kg7 39. Qg4 Kf8 40. Rg3
Qf6 41. h4 Rf5 42. Kh3 Qe6 43. hxg5 Rxf2 44. Qxe6 fxe6 45. Kg4 Rd2 46. Kf4
Rxd4+ 47. Ke5 Rh4 48. Kxe6 Kg7 49. Kf5 Rh8 50. Rg4 Rb8 51. g6 Rf8+ 52. Ke6 Rf3
53. Rxb4 Kxg6 54. Rb8 Re3+ 55. Kd6 Kf7 56. b4 Rd3+ 57. Kc6 Ke7 58. b5 Rd6+ 59.
Kb7 Rd7+ 60. Ka6 Rd6+ 61. b6 Kd7 62. Kb7 Rh6 63. Ra8 Rh7 64. Rc8 1-0

[Event "Rostov on Don"]
[Site "Rostov on Don"]
[Date "1993.??.??"]
[Round "?"]
[White "Dolmatov, Sergey"]
[Black "Smirin, Ilia"]
[Result "1-0"]
[WhiteElo "2615"]
[BlackElo "2590"]
[Annotator "Stohl,I"]
[PlyCount "91"]
[EventDate "1993.05.??"]
[EventType "tourn"]
[EventRounds "11"]
[EventCountry "RUS"]
[EventCategory "14"]
[SourceTitle "CBM 036"]
[Source "ChessBase"]
[SourceDate "1993.10.01"]
[SourceVersion "1"]
[SourceVersionDate "1993.10.01"]
[SourceQuality "1"]

1. e4 d6 2. d4 Nf6 3. Nc3 g6 4. f4 Bg7 5. Nf3 O-O 6. Bd3 Na6 7. O-O c5 8. d5
Bg4 $5 9. Bc4 (9. Qe1 Nb4 $1 10. Qh4 (10. a3 $142 Nxd3 11. cxd3 $13) 10... c4
$1 11. Bxc4 Nxc2 12. Rb1 Bxf3 13. Rxf3 Rc8 14. Bb3 Nd4 15. Rh3 Nxb3 16. axb3 h5
17. Rf3 Qb6+ 18. Kh1 Qxb3 $17 {Plachetka,J-Jansa,V/CS-chT/1992/}) (9. h3 Bxf3
10. Rxf3 $5 (10. Qxf3 Nc7 11. Bc4 {-9.Bc4}) 10... Nc7 11. a4 e6 12. dxe6 fxe6
13. Be3 Qe7 14. Bf2 d5 15. Qe1 Rf7 16. Bh4 Qf8 17. f5 dxe4 18. Nxe4 Nxe4 19.
Qxe4 gxf5 20. Qxb7 $13 {Polgar,J-Zaitshik,G/Sebastian op/1991/}) 9... Nc7 (9...
Nd7 10. Qe1 (10. h3 $5 Bxf3 11. Qxf3 $14) 10... Nb4 11. Qd2 Bxf3 12. gxf3 Nb6
13. Be2 e6 14. a3 Na6 15. a4 exd5 16. Nxd5 Nxd5 17. Qxd5 Nc7 18. Qd2 Ne6 19. f5
Nd4 $13 {Hector,J-Hoi,C/Helsingborg SVE-DEN/1990/}) 10. h3 Bxf3 11. Qxf3 e6 (
11... Nd7 12. a4 a6 13. Bd2 Rb8 14. Qe2 Kh8 15. a5 Re8 16. Qd3 Qc8 17. b3 Ra8
18. Rae1 b5 19. axb6 Nxb6 20. e5 $16 {Arnason,J-Hoi,C/Reykjavik op/1988/}) 12.
dxe6 fxe6 13. Be3 (13. Rd1 $5 Qe7 14. e5 dxe5 15. Qxb7 Nh5 16. Nb5 Rac8 {
Fernandez,JL-Azmaiparashvili,Z/Euskadi-Georgia tt/1991/} 17. Nxa7 Rb8 18. Nc6
$1 $14) 13... Qe7 14. e5 $1 {N} (14. Rad1 b6 (14... Rab8 15. a4 a6 $6 (15... b6
$142 $5 $13) 16. a5 b5 17. axb6 Rxb6 18. e5 $1 Nd7 (18... dxe5 19. Na4 $16) 19.
exd6 Rxd6 20. Rxd6 Qxd6 21. Ne4 Qe7 22. c3 $16 {Polzin,R-Sturua,Z/Baden Baden
op/1991/}) 15. Rfe1 Kh8 16. g4 $6 Rad8 17. Bf2 Nd7 18. Qg3 g5 $1 19. f5 Ne5 $36
{Wedberg,T-Azmaiparashvili,Z/Reykjavik op/1990/}) 14... dxe5 15. Qxb7 (15. fxe5
Nd7 $5 (15... Nfd5 $10) 16. Qxb7 Nxe5 $13) 15... Rfb8 (15... exf4 $2 16. Bxf4
$16) 16. Qf3 Rxb2 (16... exf4 17. Bxf4 $16 {><e6,c5,^^} Rxb2 $2 18. Bxc7 $18)
17. Ne4 $1 (17. fxe5 Nd7 $15) 17... Nxe4 (17... exf4 18. Bxc5 $16) (17... Rxc2
18. Bxc5 Qd8 19. fxe5 $1 Nxe4 (19... Rxc4 20. exf6 $18) 20. Qxe4 $16 {->,׻})
18. Qxe4 exf4 19. Bxf4 $36 {~/=,/\Bc7+-} Re8 20. Bb3 Rxb3 $6 (20... Nd5 21. Be5
$1 (21. Bc1 $2 Rxb3 $19) (21. Bxd5 $6 exd5 22. Qxd5+ Kh8 $10) (21. Bd2 $5)
21... Nc3 (21... Bxe5 22. Qxe5 Qg7 23. Rae1 Qxe5 24. Rxe5 $16 {_|_}) 22. Qe3 (
22. Bxc3 $5 Bxc3 23. Rad1 $44 {צb2}) 22... Bxe5 23. Qxe5 Qg7 24. Qxc5 Ne2+ 25.
Kh2 Nd4 $16 {<=>}) 21. axb3 Bxa1 22. Rxa1 $44 {><a7,c5,e6,Kg8} Nb5 (22... Nd5
23. Be5 $40) (22... e5 23. Be3 $16) 23. Be3 $1 (23. Be5 Nd6 $1 $13 {/\Nf7,e5})
23... Rc8 (23... Nd6 24. Qe5 $16) 24. Ra6 Nd6 (24... e5 25. Qd5+ Kg7 26. Re6
$18 {->}) 25. Qe5 Nf7 $8 26. Qxe6 Qxe6 27. Rxe6 $16 {_|_,/\Ra6-a5} a5 (27... c4
28. b4 $1 {><a7,c4}) 28. Bd2 Ra8 (28... c4 29. Bxa5 cxb3 30. cxb3 $16) 29. Rc6
$16 a4 30. bxa4 Rxa4 31. Rxc5 Nd6 32. Rc6 Nc4 (32... Nf5 $142 $5 $16) 33. Bg5
Kf7 34. Kf2 $1 (34. Rc7+ Ke6 35. Rxh7 Ra2 36. c3 Rc2 $14 {<=>}) 34... Ke8 35.
Rc7 Nd6 {/\Ne4-+} 36. Ke2 Rc4 (36... h5 37. Re7+ Kf8 38. Re6 $18) (36... Nf7
37. Be3 $18 {עe8,o^c}) 37. Rxc4 Nxc4 38. Kd3 Na5 39. Kd4 $18 Nc6+ 40. Kc5 (40.
Kd5 $2 Nb4+ $10) 40... Kd7 41. Bf6 $1 Na7 42. Kd5 Nc8 (42... Nc6 43. c3 $1 Na7
44. Bd4 Nc6 45. Bc5 Nd8 46. Ke5 $18) 43. Bg5 Nb6+ 44. Ke5 Nc4+ (44... Ke8 45.
Kf6 Kf8 46. Bh6+ Kg8 47. Ke6 $18 {עg8}) 45. Kf6 Na3 46. Kg7 (46. Kg7 Nxc2 47.
Kxh7 Ne1 48. g4 Nf3 49. Kxg6 $18) 1-0

[Event "Rostov on Don"]
[Site "Rostov on Don"]
[Date "1993.??.??"]
[Round "?"]
[White "Lputian, Smbat G"]
[Black "Dolmatov, Sergey"]
[Result "0-1"]
[WhiteElo "2610"]
[BlackElo "2615"]
[Annotator "Glatman,V"]
[PlyCount "80"]
[EventDate "1993.05.??"]
[EventType "tourn"]
[EventRounds "11"]
[EventCountry "RUS"]
[EventCategory "14"]
[SourceTitle "CBM 036"]
[Source "ChessBase"]
[SourceDate "1993.10.01"]
[SourceVersion "1"]
[SourceVersionDate "1993.10.01"]
[SourceQuality "1"]

1. d4 Nf6 2. c4 g6 3. Nc3 Bg7 4. e4 d6 5. Nf3 O-O 6. Be2 e5 7. O-O Nc6 8. d5
Ne7 9. Nd2 a5 10. a3 Nd7 11. Rb1 f5 12. b4 Kh8 13. Qc2 Nf6 14. f3 axb4 15. axb4
c6 $5 $146 (15... f4 16. c5 g5 17. Nb5 (17. Nc4 $5) 17... dxc5 18. bxc5 c6 19.
d6 cxb5 20. dxe7 Qxe7 21. Rxb5 g4 $10 {Ftacnik,L-Nunn,J Groningen 1988/}) (
15... g5 16. c5 Ng6 17. Nc4 (17. exf5 $5) 17... Nf4 18. cxd6 cxd6 19. Be3 g4
$13 {Vaganian,R-Kasparov,G Manila ol 1992 Inf 55/639/}) (15... Nh5 16. c5 Nf4
17. Nc4 g5 18. Be3 Neg6 (18... g4 $6 {Inf 54/617/}) 19. b5 $146 (19. cxd6 cxd6
20. Nb5 Nh4 $1 $13 {Gleizerov,E-Sznapik,A Pol 1992 Inf 55/639/}) 19... Nh4 20.
g3 Nh3+ 21. Kh1 f4 22. Bd2 g4 23. gxh4 g3 24. Be1 Qxh4 25. Bd1 $16 {Epishin,
V-Wojtkiewicz,A Bern 1993; 16.g3!? /}) 16. Kh1 (16. Nb3 f4 $6 (16... cxd5 17.
cxd5 f4 18. Nb5 Ne8 19. Bd2 g5 20. Rfc1 $13) 17. dxc6 $1 (17. Rd1 cxd5 18. cxd5
Bd7 19. Na5 g5 20. Kh1 Rb8 $13) 17... Nxc6 (17... bxc6 18. b5) 18. b5 Nd4 19.
Nxd4 exd4 20. Nd5 Nxd5 21. cxd5 $16) 16... f4 17. dxc6 $6 (17. Nb3 $5 cxd5 18.
cxd5 g5 19. Nb5 Ne8 20. Bd2) 17... Nxc6 18. Nb5 Be6 19. Rd1 Qe7 20. Nf1 Rfd8
21. Bd2 g5 $1 22. Be1 $6 (22. Bc3 Bf8 23. Rd2 g4 24. Rbd1 $13) 22... Bf8 23.
Bf2 Qg7 24. g4 (24. Nc3 $5 g4 25. Nd5 gxf3 26. Bxf3 Ng4 27. Bg1) 24... h5 25.
h3 Qh7 (25... Qh6 $1) 26. Kg1 (26. Nh2 $5) 26... Rd7 27. Nh2 hxg4 28. hxg4 Qh3
29. Bf1 Qh6 30. Be1 (30. Bb6 Ra6 31. c5 d5 $17) (30. c5 $2 Rh7 31. Be1 dxc5 32.
bxc5 Bxc5+ $17) 30... Be7 31. Rb2 Kg7 32. Qg2 Rc8 $1 33. Be2 Nd8 34. Qf1 Nf7
35. Bc3 $6 (35. Nc3 Bd8 36. Nd5 Bxd5 37. cxd5 Bb6+ 38. Bf2 $17) 35... Bd8 36.
Rbd2 Bb6+ 37. Kh1 Bxg4 $1 $19 38. Nxd6 (38. fxg4 Nxe4 39. Rd3 (39. Qf3 Rh8 40.
Bf1 Ng3+ $19) 39... Rh8 40. Qg2 Ng3+ $19) 38... Rxd6 $1 39. Rxd6 Rh8 40. Qg2
Bh3 0-1

[Event "Groningen PCA"]
[Site "Groningen"]
[Date "1993.??.??"]
[Round "4"]
[White "Dolmatov, Sergey"]
[Black "Piket, Jeroen"]
[Result "1-0"]
[WhiteElo "2630"]
[BlackElo "2590"]
[PlyCount "87"]
[EventDate "1993.12.??"]
[EventType "swiss"]
[EventRounds "11"]
[EventCountry "NED"]
[SourceTitle "CBM 039"]
[Source "ChessBase"]
[SourceDate "1994.04.01"]
[SourceVersion "1"]
[SourceVersionDate "1994.04.01"]
[SourceQuality "1"]

1. e4 e5 2. Nf3 Nc6 3. Bb5 a6 4. Ba4 Nf6 5. O-O Be7 6. Re1 b5 7. Bb3 d6 8. c3
O-O 9. h3 Na5 10. Bc2 c5 11. d4 Nd7 12. dxc5 dxc5 13. Nbd2 f6 14. Nh4 Nb6 15.
Nf5 Rf7 16. Nb3 Nb7 17. Be3 Qc7 18. Nd2 Bf8 19. a4 Be6 20. axb5 axb5 21. Rxa8
Nxa8 22. Qa1 Qc8 23. Qa7 Nd8 24. Qa5 Rb7 25. Nb3 Nb6 26. Qxb5 Nd7 27. Qa4 c4
28. Na5 Rxb2 29. Rd1 Qc7 30. Bb1 g6 31. Ng3 Nc5 32. Bxc5 Qxc5 33. Nh1 Nf7 34.
Qe8 Ng5 35. Nc6 Bxh3 36. gxh3 Nxh3+ 37. Kg2 Nxf2 38. Qe6+ Kg7 39. Qd7+ Kh6 40.
Rd2 Rxb1 41. Nxf2 f5 42. exf5 e4 43. fxg6 Qg5+ 44. Ng4+ 1-0

[Event "Elenite"]
[Site "Elenite"]
[Date "1995.??.??"]
[Round "3"]
[White "Dolmatov, Sergey"]
[Black "Azmaiparashvili, Zurab"]
[Result "1-0"]
[WhiteElo "2615"]
[BlackElo "2620"]
[Annotator "Dolmatov,S"]
[PlyCount "79"]
[EventDate "1995.09.??"]
[EventType "tourn"]
[EventRounds "9"]
[EventCountry "BUL"]
[EventCategory "15"]
[SourceTitle "CBM 050"]
[Source "ChessBase"]
[SourceDate "1996.02.01"]
[SourceVersion "1"]
[SourceVersionDate "1996.02.01"]
[SourceQuality "1"]

1. e4 d6 2. d4 g6 3. Nc3 Bg7 4. f4 Nc6 5. Be3 e6 $6 (5... Nf6 6. Nf3 (6. h3 O-O
7. g4 e5 8. dxe5 dxe5 9. f5 gxf5 10. gxf5 Nd4 11. Nf3 c5 12. Bg5 $16) 6... O-O
7. e5 dxe5 8. fxe5 Ng4 9. Bg1 $14) 6. Nf3 Nce7 7. Bd3 b6 8. Qe2 $5 (8. Qd2 Bb7
9. O-O-O Nf6 10. h3 d5 $132) 8... Nf6 9. O-O Bb7 10. Rad1 O-O (10... d5 11. e5
Ne4 (11... Nd7 12. Qf2 $16) 12. Bxe4 (12. Bc1 Nxc3 13. bxc3 c5 14. Qf2 $14)
12... dxe4 13. Ng5 Nd5 14. Ngxe4 $16) 11. Bc1 Qc8 (11... d5 12. e5 Nd7 13. Nb1
$1 c5 14. c3 $16) 12. e5 $1 Ne8 (12... Nfd5 13. Nxd5 Nxd5 (13... exd5 $2 14.
exd6 $18) 14. c4 Ne7 15. b3 $16) 13. Ne4 a5 (13... d5 14. Nf2 c5 15. c4 $5 (15.
c3 a5) 15... dxc4 16. Bxc4 $40) 14. b3 $1 (14. c4 $6 d5 15. Nc3 dxc4 16. Bxc4
Ba6 $14) 14... Ba6 $2 (14... d5 $5 15. Nf2 c5 16. c4 $40) 15. c4 $16 d5 16. Nc3
{/\Ba3} c5 17. cxd5 Bxd3 (17... exd5 18. Bxa6 Qxa6 19. Qxa6 Rxa6 20. dxc5 bxc5
21. Nxd5 $18) 18. Qxd3 cxd4 (18... exd5 19. dxc5 Qxc5+ 20. Be3 $18) 19. Ba3 $6
(19. d6 $2 dxc3 20. dxe7 Qc5+ 21. Be3 Qxe7 $14) (19. Nxd4 exd5 20. Ba3 Qb7 21.
Bxe7 Qxe7 22. Nxd5 $18) 19... dxc3 (19... Qb7 $2 20. Bxe7 Qxe7 21. d6 Qd7 22.
Qxd4 $18) 20. Bxe7 Nc7 (20... exd5 21. Rc1 Nc7 22. Bxf8 Qxf8 23. Rxc3 $16) 21.
Bxf8 Bxf8 22. d6 Nd5 23. Nd4 Qc5 24. Kh1 Rc8 (24... Nb4 25. Qe4 (25. Qe2 $6 c2
$13 (25... Rc8 26. a3)) 25... Rc8 26. a3 $18) 25. Nc2 b5 26. a3 $18 Bh6 27. Qe4
f5 $6 (27... f6) 28. Qd4 $1 (28. exf6 $2 Qxd6 $16) 28... Qxd4 29. Rxd4 Kf7 $2 (
29... g5 30. g3 Kf7) 30. h4 Ke8 31. g3 Kd7 32. Kg2 Bg7 33. Kf3 h6 34. Rc1 g5
35. Ne3 g4+ 36. Ke2 Nf6 37. exf6 Bxf6 38. Rd3 b4 39. axb4 axb4 40. Ra1 1-0